[Event "Oberliga Ost A 2023 2024"]
[Site "?"]
[Date "2023.10.22"]
[Round "1.6"]
[Board "3"]
[White "Fuchs, Florian"]
[Black "Bulockin, Martin"]
[Result "1/2-1/2"]
[WhiteElo "2319"]
[BlackElo "2293"]
[PlyCount "90"]
[EventDate "2023.10.22"]
[EventType "team-tourn"]
[EventCountry "GER"]
[WhiteTeam "Reichenbrand SV Eiche"]
[BlackTeam "Aue ESV Nickelhuette II"]
[WhiteTeamCountry "GER"]
[BlackTeamCountry "GER"]

1. d4 d5 2. Nc3 Nf6 3. Bf4 e6 4. Nb5 Na6 5. e3 c6 6. Nc3 Nc7 7. Bd3 Bd6 8. Bxd6 Qxd6 9. Nf3 c5 10. O-O Bd7 11. Ne5 Qb6 12. Nxd7 Nxd7 13. Na4 Qc6 14. Nxc5 Nxc5 15. dxc5 Qxc5 16. Qg4 O-O 17. Qh4 g6 18. Rae1 f5 19. c4 Qb4 20. Qd4 Rfd8 21. c5 Qxd4 22. exd4 Kf7 23. b4 b6 24. Rc1 bxc5 25. Rxc5 Rd7 26. Rfc1 Ne8 27. Bb5 Re7 28. Bxe8+ Raxe8 29. Ra5 Rb7 30. a3 f4 31. Kf1 Kf6 32. Ke2 Kf5 33. Kd3 Rd7 34. Rac5 f3 35. gxf3 Kf4 36. Rc7 Rde7 37. Ke2 e5 38. dxe5 Rxe5+ 39. Kf1 R8e7 40. R7c3 Rh5 41. Rd1 Rd7 42. Kg2 Rg5+ 43. Kf1 Rh5 44. Kg2 Rg5+ 45. Kf1 Rh5 1/2-1/2

[Event "Oberliga Ost A 2023 2024"]
[Site "?"]
[Date "2023.10.22"]
[Round "1.6"]
[Board "4"]
[White "Schnabel, Ralf"]
[Black "Fischer, Edwin"]
[Result "1/2-1/2"]
[WhiteElo "2203"]
[BlackElo "2202"]
[PlyCount "53"]
[EventDate "2023.10.22"]
[EventType "team-tourn"]
[EventCountry "GER"]
[WhiteTeam "Aue ESV Nickelhuette II"]
[BlackTeam "Reichenbrand SV Eiche"]
[WhiteTeamCountry "GER"]
[BlackTeamCountry "GER"]

1. e4 e5 2. Nf3 Nf6 3. Nxe5 d6 4. Nc4 Nxe4 5. d4 d5 6. Ne3 c6 7. Nd2 Nxd2 8. Bxd2 Nd7 9. c3 Nf6 10. Bd3 Bd6 11. Qc2 O-O 12. O-O-O Bf4 13. f3 Re8 14. Rde1 a5 15. g3 Bh6 16. h4 Kh8 17. g4 Bf4 18. g5 Nh5 19. Ng4 Rxe1+ 20. Rxe1 Bg3 21. Rg1 g6 22. Nf6 Nxf6 23. Rxg3 Nh5 24. Rg1 Be6 25. Be3 Qd6 26. Rh1 Re8 27. Qh2 1/2-1/2

[Event "Oberliga Ost A 2023 2024"]
[Site "?"]
[Date "2023.10.22"]
[Round "1.6"]
[Board "5"]
[White "Laemmel, Sebastian"]
[Black "Heinz, Juergen"]
[Result "1-0"]
[WhiteElo "2146"]
[BlackElo "2152"]
[PlyCount "89"]
[EventDate "2023.10.22"]
[EventType "team-tourn"]
[EventCountry "GER"]
[WhiteTeam "Reichenbrand SV Eiche"]
[BlackTeam "Aue ESV Nickelhuette II"]
[WhiteTeamCountry "GER"]
[BlackTeamCountry "GER"]

1. d4 Nf6 2. c4 e6 3. Nf3 c5 4. d5 exd5 5. cxd5 d6 6. Nc3 g6 7. Nd2 Nbd7 8. e4 Bg7 9. Be2 O-O 10. O-O a6 11. a4 Re8 12. Re1 Rb8 13. a5 Qe7 14. Ra3 b5 15. axb6 Nxb6 16. Bxa6 Nbxd5 17. Nxd5 Nxd5 18. Bxc8 Rbxc8 19. Nc4 Bd4 20. Ra6 Rcd8 21. Bd2 Qf6 22. Qf3 Nc7 23. Qxf6 Bxf6 24. Rxd6 Rxd6 25. Nxd6 Rd8 26. Nc4 Bd4 27. Ba5 Rd7 28. Bxc7 Rxc7 29. Kf1 Rb7 30. Re2 Kg7 31. Ke1 g5 32. f3 h5 33. Kd1 Kg6 34. Kc1 Rb4 35. Rc2 Ra4 36. Kb1 g4 37. f4 Ra7 38. Nd6 Re7 39. Re2 Rd7 40. e5 Rd8 41. f5+ Kg7 42. e6 fxe6 43. fxe6 Bf6 44. e7 Bxe7 45. Nf5+ 1-0

[Event "Oberliga Ost A 2023 2024"]
[Site "?"]
[Date "2023.10.22"]
[Round "1.6"]
[Board "6"]
[White "Poessel, Christian"]
[Black "Kyas, Juergen"]
[Result "1/2-1/2"]
[WhiteElo "1992"]
[BlackElo "2157"]
[PlyCount "66"]
[EventDate "2023.10.22"]
[EventType "team-tourn"]
[EventCountry "GER"]
[WhiteTeam "Aue ESV Nickelhuette II"]
[BlackTeam "Reichenbrand SV Eiche"]
[WhiteTeamCountry "GER"]
[BlackTeamCountry "GER"]

1. e4 c5 2. Nf3 g6 3. c4 Nc6 4. d4 cxd4 5. Nxd4 Nf6 6. Nc3 d6 7. f3 Nxd4 8. Qxd4 Bg7 9. Be3 O-O 10. Qd2 Be6 11. b3 Qa5 12. Rc1 Rfc8 13. Be2 a6 14. Na4 Qxd2+ 15. Kxd2 Nd7 16. Rhd1 Rc6 17. Nc3 f5 18. Nd5 Kf7 19. exf5 gxf5 20. Nf4 Bh6 21. Nxe6 Bxe3+ 22. Kxe3 Kxe6 23. Rd4 Rg8 24. g3 Nf6 25. Rcd1 Rc5 26. Rh4 Re5+ 27. Kf2 Rg7 28. Bf1 Kd7 29. Bh3 Kc7 30. f4 Ra5 31. Ra1 Ne4+ 32. Ke1 e6 33. Rh6 Re7 1/2-1/2

[Event "Oberliga Ost A 2023 2024"]
[Site "?"]
[Date "2023.10.22"]
[Round "1.6"]
[Board "7"]
[White "Kapp, Martin"]
[Black "Heinz, Thomas"]
[Result "1/2-1/2"]
[WhiteElo "2177"]
[BlackElo "2103"]
[PlyCount "58"]
[EventDate "2023.10.22"]
[EventType "team-tourn"]
[EventCountry "GER"]
[WhiteTeam "Reichenbrand SV Eiche"]
[BlackTeam "Aue ESV Nickelhuette II"]
[WhiteTeamCountry "GER"]
[BlackTeamCountry "GER"]

1. d4 d5 2. c4 c6 3. Nc3 Nf6 4. Nf3 a6 5. c5 Nbd7 6. Bg5 g6 7. e3 Bg7 8. Be2 O-O 9. O-O Re8 10. Bh4 e5 11. dxe5 Nxe5 12. Nxe5 Rxe5 13. e4 Qa5 14. Bxf6 Bxf6 15. exd5 Qxc5 16. Bf3 Bf5 17. Qb3 cxd5 18. Nxd5 Bg7 19. Qxb7 Rae8 20. Nc3 Bd3 21. Rfd1 Bc2 22. Rf1 Qd6 23. Bd5 R5e7 24. Qc6 Qb4 25. Bxf7+ Kxf7 26. Nd5 Qe4 27. Nxe7 Rxe7 28. Qxe4 Rxe4 29. Rac1 Bd3 1/2-1/2

[Event "Oberliga Ost A 2023 2024"]
[Site "?"]
[Date "2023.10.22"]
[Round "1.6"]
[Board "8"]
[White "Schramm, Torsten"]
[Black "Fehlhammer, Michael"]
[Result "1/2-1/2"]
[WhiteElo "2200"]
[BlackElo "2186"]
[PlyCount "113"]
[EventDate "2023.10.22"]
[EventType "team-tourn"]
[EventCountry "GER"]
[WhiteTeam "Aue ESV Nickelhuette II"]
[BlackTeam "Reichenbrand SV Eiche"]
[WhiteTeamCountry "GER"]
[BlackTeamCountry "GER"]

1. Nf3 Nf6 2. c4 e6 3. Nc3 d5 4. d4 c5 5. cxd5 Nxd5 6. e4 Nxc3 7. bxc3 cxd4 8. cxd4 Bb4+ 9. Bd2 Bxd2+ 10. Qxd2 O-O 11. Bc4 Nd7 12. O-O Nf6 13. Qe3 b6 14. Rac1 Bb7 15. Bd3 Qe7 16. Rc2 Rac8 17. Rfc1 Rxc2 18. Rxc2 Rc8 19. Rxc8+ Bxc8 20. Qf4 Ne8 21. Qb8 Qc7 22. Qxc7 Nxc7 23. Kf1 Kf8 24. Ke2 Ke7 25. Kd2 b5 26. Kc3 a5 27. a3 Bb7 28. Nd2 Bc6 29. Nb3 a4 30. Nc5 f6 31. f3 Kd6 32. Bb1 e5 33. Nd3 exd4+ 34. Kxd4 Ne6+ 35. Kc3 g5 36. Ba2 Nf4 37. Nxf4 gxf4 38. Kb4 Ke5 39. Kc5 Be8 40. Bd5 h6 41. Bb7 h5 42. Ba6 h4 43. Bxb5 Bxb5 44. Kxb5 Kd4 45. Kxa4 Ke3 46. Kb4 h3 47. gxh3 Kxf3 48. a4 Ke3 49. a5 f3 50. a6 f2 51. a7 f1=Q 52. a8=Q Qb1+ 53. Kc5 Qc2+ 54. Kd6 Qxh2+ 55. Ke7 Qe5+ 56. Kf7 Qxe4 57. Qxe4+ 1/2-1/2

[Event "Oberliga Ost A 2023 2024"]
[Site "?"]
[Date "2023.12.02"]
[Round "2.1"]
[Board "1"]
[White "Nguyen, Alex Dac Vuong"]
[Black "Dahl, Christoph"]
[Result "0-1"]
[WhiteElo "2353"]
[BlackElo "2357"]
[PlyCount "98"]
[EventDate "2023.10.22"]
[EventType "team-tourn"]
[EventCountry "GER"]
[WhiteTeam "Leipzig SG"]
[BlackTeam "Dresden SG Gruen Weiss"]
[WhiteTeamCountry "GER"]
[BlackTeamCountry "GER"]

1. c4 Nf6 2. Nc3 e5 3. g3 d5 4. cxd5 Nxd5 5. Nf3 Nc6 6. Bg2 Nb6 7. O-O Be7 8. b3 O-O 9. Bb2 Be6 10. Rc1 f5 11. d3 Qd7 12. Nb5 Rfc8 13. Qd2 a6 14. Na3 Bf6 15. Ng5 Bd5 16. e4 fxe4 17. Nxe4 Be7 18. Nc4 Nxc4 19. dxc4 Be6 20. Qe3 Bh3 21. Rcd1 Qf5 22. Bxh3 Qxh3 23. Rd5 Rd8 24. Rfd1 Qh5 25. R1d2 Qf5 26. Kg2 Rf8 27. Qe2 Qe6 28. Bc3 Rf5 29. R2d3 Raf8 30. Re3 h6 31. f4 exf4 32. gxf4 Qf7 33. Rg3 g6 34. Qg4 Rxf4 35. Qxg6+ Qxg6 36. Rxg6+ Kf7 37. Rg7+ Ke8 38. Ng3 Rf2+ 39. Kh3 R8f4 40. Rh5 Rc2 41. Be1 Bg5 42. Rxc7 Ne5 43. Nh1 Rf1 44. Bg3 Nd3 45. Kg4 Rxh1 46. h4 Rg2 47. hxg5 Ne5+ 48. Kf5 Rxh5 49. Ke6 Nc6 0-1

[Event "Oberliga Ost A 2023 2024"]
[Site "?"]
[Date "2023.12.02"]
[Round "2.1"]
[Board "2"]
[White "Zwahr, Paul"]
[Black "Natsidis, Christoph"]
[Result "1/2-1/2"]
[WhiteElo "2280"]
[BlackElo "2332"]
[PlyCount "28"]
[EventDate "2023.10.22"]
[EventType "team-tourn"]
[EventCountry "GER"]
[WhiteTeam "Dresden SG Gruen Weiss"]
[BlackTeam "Leipzig SG"]
[WhiteTeamCountry "GER"]
[BlackTeamCountry "GER"]

1. e4 c5 2. Nf3 e6 3. d4 cxd4 4. Nxd4 a6 5. c4 Nf6 6. Nc3 Bb4 7. Qd3 d5 8. exd5 exd5 9. Be2 O-O 10. O-O Nc6 11. Nxc6 bxc6 12. cxd5 Nxd5 13. Nxd5 Qxd5 14. Qxd5 cxd5 1/2-1/2

[Event "Oberliga Ost A 2023 2024"]
[Site "?"]
[Date "2023.12.02"]
[Round "2.1"]
[Board "3"]
[White "Haufe, Laurin"]
[Black "Kitze, Alexander"]
[Result "0-1"]
[WhiteElo "2178"]
[BlackElo "2286"]
[PlyCount "66"]
[EventDate "2023.10.22"]
[EventType "team-tourn"]
[EventCountry "GER"]
[WhiteTeam "Leipzig SG"]
[BlackTeam "Dresden SG Gruen Weiss"]
[WhiteTeamCountry "GER"]
[BlackTeamCountry "GER"]

1. e4 c5 2. Nf3 d6 3. d4 Nf6 4. Nc3 cxd4 5. Nxd4 Nc6 6. Bg5 e6 7. Qd2 a6 8. O-O-O h6 9. Bh4 Nxe4 10. Qf4 Ng5 11. Nxc6 bxc6 12. Qa4 Qb6 13. f4 Nh7 14. Bc4 Rb8 15. Bb3 Bd7 16. Kb1 d5 17. f5 Bb4 18. fxe6 fxe6 19. Rhf1 Rf8 20. a3 Bxc3 21. Qg4 Bf6 22. Qg6+ Rf7 23. Qxh7 c5 24. Qg6 Ke7 25. Bf2 Qc6 26. Qg3 Rb7 27. Be1 c4 28. Rxf6 gxf6 29. Ba2 Qd6 30. Qe3 Qe5 31. Qc5+ Ke8 32. b4 Qe2 33. Kc1 Qxg2 0-1

[Event "Oberliga Ost A 2023 2024"]
[Site "?"]
[Date "2023.12.02"]
[Round "2.1"]
[Board "4"]
[White "Genkin, Michael"]
[Black "Richter, Leonard"]
[Result "1/2-1/2"]
[WhiteElo "2270"]
[BlackElo "2253"]
[PlyCount "207"]
[EventDate "2023.10.22"]
[EventType "team-tourn"]
[EventCountry "GER"]
[WhiteTeam "Dresden SG Gruen Weiss"]
[BlackTeam "Leipzig SG"]
[WhiteTeamCountry "GER"]
[BlackTeamCountry "GER"]

1. e4 c5 2. Nf3 d6 3. c3 Nf6 4. Bd3 Nc6 5. Bc2 g5 6. d4 g4 7. Ng1 Bd7 8. Ne2 Bg7 9. Be3 cxd4 10. cxd4 Nb4 11. Nbc3 Nxc2+ 12. Qxc2 Rc8 13. Qd3 Qa5 14. O-O O-O 15. d5 b5 16. a3 Qc7 17. Nd4 a5 18. Ncxb5 Qc4 19. Qxc4 Rxc4 20. f3 gxf3 21. gxf3 a4 22. Rac1 Rxc1 23. Rxc1 Rb8 24. Na7 Rxb2 25. Nac6 e6 26. dxe6 fxe6 27. Rc4 e5 28. Nf5 Bf8 29. Bg5 Kf7 30. Nb4 Kg6 31. Bxf6 Bxf5 32. exf5+ Kxf6 33. Nd5+ Kxf5 34. Rxa4 Ke6 35. Nc7+ Kd7 36. Nd5 Kc6 37. Nb4+ Kb5 38. Ra7 Bh6 39. Rxh7 Be3+ 40. Kf1 Kc4 41. Rh4+ Bf4 42. Rh8 Kd4 43. Rd8 Ke3 44. Rxd6 e4 45. Nd5+ Kxf3 46. Rb6 Rd2 47. Rb3+ e3 48. Nxe3 Bxe3 49. Ke1 Rc2 50. Rd3 Rxh2 51. Kd1 Ke4 52. Rc3 Ra2 53. Rc2 Rxa3 54. Ke2 Bd4 55. Rd2 Rh3 56. Rc2 Re3+ 57. Kd2 Rh3 58. Ke2 Bc3 59. Kf1 Kd3 60. Kg2 Rh8 61. Rf2 Be1 62. Rf4 Rg8+ 63. Kh3 Ke3 64. Rg4 Rf8 65. Kg2 Rf2+ 66. Kg3 Ra2+ 67. Kh3 Bf2 68. Kg2 Bh4+ 69. Kh3 Bf6 70. Rg2 Ra8 71. Kg4 Rg8+ 72. Kh3 Bg5 73. Rg3+ Kf2 74. Rg2+ Kf1 75. Rg4 Kf2 76. Rg2+ Kf3 77. Rg3+ Ke4 78. Rg2 Rh8+ 79. Kg4 Bf4 80. Re2+ Be3 81. Rg2 Rf8 82. Rg3 Rf4+ 83. Kg5 Rf5+ 84. Kg4 Bf2 85. Rg2 Rf8 86. Kh3 Kf3 87. Rg3+ Kf4 88. Rg4+ Kf5 89. Rg7 Bd4 90. Rg4 Be5 91. Rg1 Bf4 92. Kg2 Ke4 93. Rb1 Rg8+ 94. Kf2 Be3+ 95. Ke2 Rg2+ 96. Kd1 Rd2+ 97. Kc1 Kd5 98. Rb2 Rh2+ 99. Kb1 Rh1+ 100. Kc2 Kc4 101. Ra2 Bd2 102. Rb2 Bc3 103. Ra2 Bb4 104. Rb2 1/2-1/2

[Event "Oberliga Ost A 2023 2024"]
[Site "?"]
[Date "2023.12.02"]
[Round "2.1"]
[Board "5"]
[White "Roesemann, Rainer"]
[Black "Siedentopf, Daniel"]
[Result "0-1"]
[WhiteElo "2255"]
[BlackElo "2245"]
[PlyCount "116"]
[EventDate "2023.10.22"]
[EventType "team-tourn"]
[EventCountry "GER"]
[WhiteTeam "Leipzig SG"]
[BlackTeam "Dresden SG Gruen Weiss"]
[WhiteTeamCountry "GER"]
[BlackTeamCountry "GER"]

1. c4 e6 2. g3 Nf6 3. Bg2 d5 4. Nf3 Be7 5. O-O O-O 6. b3 d4 7. Bb2 Nc6 8. e3 e5 9. exd4 exd4 10. d3 Bf5 11. Nh4 Bg4 12. Qd2 Qd7 13. Na3 Nh5 14. Nf3 Qf5 15. Ne1 Bb4 16. Qc2 Bh3 17. Nb5 Bxe1 18. Raxe1 Bxg2 19. Kxg2 Nb4 20. Qd2 Nxd3 21. Re7 Nhf4+ 22. Kh1 Qh3 23. Rg1 Rae8 24. Ba3 Rxe7 25. Bxe7 Re8 26. Nxd4 Rxe7 27. gxf4 c5 28. f3 cxd4 29. Qxd3 Re3 30. Qf1 Qxf3+ 31. Qxf3 Rxf3 32. Re1 Kf8 33. Re4 Rd3 34. c5 a5 35. f5 Rd2 36. Kg1 d3 37. Rd4 Ke7 38. a3 Kf6 39. Rd5 Ra2 40. Rxd3 Rxa3 41. Rd6+ Kxf5 42. Rb6 a4 43. bxa4 Rxa4 44. Rxb7 Ke6 45. Kf2 Rc4 46. Rc7 h5 47. Kf3 g5 48. h3 f6 49. Kg3 h4+ 50. Kg2 Ke5 51. Rc8 Kf4 52. c6 Rc2+ 53. Kf1 Kg3 54. c7 Kxh3 55. Rf8 Rxc7 56. Rxf6 Kg3 57. Ra6 Rc1+ 58. Ke2 h3 0-1

[Event "Oberliga Ost A 2023 2024"]
[Site "?"]
[Date "2023.12.02"]
[Round "2.1"]
[Board "6"]
[White "Kaiser, Dieter"]
[Black "Kalkhof, Stefan"]
[Result "1/2-1/2"]
[WhiteElo "2228"]
[BlackElo "2231"]
[PlyCount "93"]
[EventDate "2023.10.22"]
[EventType "team-tourn"]
[EventCountry "GER"]
[WhiteTeam "Dresden SG Gruen Weiss"]
[BlackTeam "Leipzig SG"]
[WhiteTeamCountry "GER"]
[BlackTeamCountry "GER"]

1. Nf3 d6 2. d4 f5 3. g3 Nf6 4. Bg2 g6 5. O-O Bg7 6. Nbd2 O-O 7. c3 Qe8 8. Re1 e5 9. dxe5 dxe5 10. e4 f4 11. Nc4 fxg3 12. hxg3 Nc6 13. Ne3 Ng4 14. Qb3+ Kh8 15. Nxg4 Bxg4 16. Nh2 Bc8 17. Be3 b6 18. Qc2 Be6 19. Bf1 Qf7 20. b3 a5 21. Bb5 Na7 22. Be2 a4 23. b4 Bc4 24. Nf1 Nb5 25. Bxc4 Qxc4 26. Rac1 Qe6 27. Kg2 Na3 28. Qe2 Nc4 29. Rcd1 a3 30. Bc1 Nb2 31. Bxb2 axb2 32. Rb1 Rxa2 33. Rxb2 Rxb2 34. Qxb2 Bh6 35. Qe2 Rd8 36. Rd1 Rd6 37. Rxd6 Qxd6 38. Qb5 Qe6 39. Nh2 Bg7 40. Nf3 h6 41. Nd2 Kh7 42. Qd5 Qe7 43. Nc4 h5 44. Qd3 Bh6 45. Qd5 Bg7 46. Qc6 h4 47. gxh4 1/2-1/2

[Event "Oberliga Ost A 2023 2024"]
[Site "?"]
[Date "2023.12.02"]
[Round "2.1"]
[Board "7"]
[White "Rausch, Stephan"]
[Black "Butscher, Daniel"]
[Result "1-0"]
[WhiteElo "2264"]
[BlackElo "2124"]
[PlyCount "103"]
[EventDate "2023.10.22"]
[EventType "team-tourn"]
[EventCountry "GER"]
[WhiteTeam "Leipzig SG"]
[BlackTeam "Dresden SG Gruen Weiss"]
[WhiteTeamCountry "GER"]
[BlackTeamCountry "GER"]

1. d4 d5 2. Nf3 Nf6 3. Bg5 Ne4 4. Bf4 c5 5. e3 Nc6 6. c3 Qb6 7. Qb3 c4 8. Qxb6 axb6 9. Nbd2 Bf5 10. Nxe4 Bxe4 11. Nd2 Bg6 12. e4 e6 13. exd5 exd5 14. Be2 Kd7 15. Bg4+ f5 16. Bf3 Bd6 17. Bxd6 Kxd6 18. O-O Rhe8 19. a3 Re7 20. Rfe1 Rae8 21. Rxe7 Rxe7 22. g3 f4 23. Kg2 fxg3 24. hxg3 Nd8 25. Nf1 Be4 26. Bxe4 Rxe4 27. Ne3 g6 28. a4 Nc6 29. Kf3 Re8 30. Rh1 h5 31. g4 hxg4+ 32. Kxg4 Rf8 33. f4 Re8 34. Kf3 Ne7 35. Rh6 Rf8 36. Ng4 Ke6 37. Ne5 Rf6 38. Kg4 Kd6 39. Rh8 Kc7 40. Re8 Nc8 41. Rg8 Ne7 42. Rg7 Kd6 43. Rf7 Rf5 44. Rg7 Rf6 45. Nf7+ Ke6 46. Nd8+ Kd7 47. Nxb7 Re6 48. a5 Re2 49. axb6 Kc6 50. Nc5 Kxb6 51. Kf3 Re3+ 52. Kf2 1-0

[Event "Oberliga Ost A 2023 2024"]
[Site "?"]
[Date "2023.12.02"]
[Round "2.1"]
[Board "8"]
[White "Kunze, Christopher"]
[Black "Pietzsch, Manuel"]
[Result "1/2-1/2"]
[WhiteElo "2112"]
[BlackElo "2060"]
[PlyCount "66"]
[EventDate "2023.10.22"]
[EventType "team-tourn"]
[EventCountry "GER"]
[WhiteTeam "Dresden SG Gruen Weiss"]
[BlackTeam "Leipzig SG"]
[WhiteTeamCountry "GER"]
[BlackTeamCountry "GER"]

1. e4 c5 2. Nc3 Nc6 3. g3 g6 4. Bg2 Bg7 5. d3 d6 6. f4 e6 7. Nf3 Nge7 8. O-O Rb8 9. Be3 b5 10. d4 b4 11. Ne2 Ba6 12. Re1 d5 13. e5 Nf5 14. Bf2 Bxe2 15. Rxe2 Nfxd4 16. Nxd4 Nxd4 17. Bxd4 cxd4 18. Qxd4 Qb6 19. Qxb6 Rxb6 20. a3 bxa3 21. Rxa3 Rxb2 22. Rxa7 O-O 23. Rc7 Ra8 24. Kf2 Bf8 25. Bf3 Ra4 26. Rc8 Kg7 27. Kg2 Rbb4 28. Rd2 Rc4 29. Rxc4 Rxc4 30. Be2 Rc6 31. Bd3 f6 32. exf6+ Kxf6 33. Rd1 h6 1/2-1/2

[Event "Oberliga Ost A 2023 2024"]
[Site "?"]
[Date "2023.12.02"]
[Round "2.2"]
[Board "1"]
[White "Henning, Marvin"]
[Black "Spivak, Ilya"]
[Result "1/2-1/2"]
[WhiteElo "2078"]
[BlackElo "2306"]
[PlyCount "89"]
[EventDate "2023.10.22"]
[EventType "team-tourn"]
[EventCountry "GER"]
[WhiteTeam "Leipzig SG II"]
[BlackTeam "Hoyerswerda FVS ASP"]
[WhiteTeamCountry "GER"]
[BlackTeamCountry "GER"]

1. e4 c5 2. Nf3 e6 3. d4 cxd4 4. Nxd4 Nf6 5. Nc3 Nc6 6. Be2 Bb4 7. O-O Bxc3 8. bxc3 Nxe4 9. Bd3 d5 10. Bxe4 dxe4 11. Ba3 Nxd4 12. cxd4 Qa5 13. Qc1 f6 14. Qe3 Kf7 15. c4 Bd7 16. Rfe1 Rhe8 17. Qh3 Bc6 18. Re3 Qf5 19. Qg3 Rad8 20. Bc5 Qg6 21. Bxa7 Qxg3 22. hxg3 Ra8 23. Bc5 Ra4 24. Rc3 Rea8 25. a3 g5 26. Rb1 Rd8 27. Kf1 h5 28. Ke2 Kg6 29. Ke3 Rd7 30. Rb4 Ra8 31. Rb6 Ra4 32. Rc1 Ra8 33. Kd2 Kf5 34. Ke3 Ra4 35. Rc3 Ra8 36. Rb2 h4 37. gxh4 gxh4 38. Rc1 Rg8 39. Rh1 Rg4 40. Rbb1 Rh7 41. Rh2 Rhg7 42. Rbh1 Rxg2 43. Rxh4 R2g4 44. Rh5+ R4g5 45. Bd6 1/2-1/2

[Event "Oberliga Ost A 2023 2024"]
[Site "?"]
[Date "2023.12.02"]
[Round "2.2"]
[Board "2"]
[White "Hassemeier, Mika"]
[Black "Schiffer, Stefan"]
[Result "1/2-1/2"]
[WhiteElo "2067"]
[BlackElo "2224"]
[PlyCount "36"]
[EventDate "2023.10.22"]
[EventType "team-tourn"]
[EventCountry "GER"]
[WhiteTeam "Hoyerswerda FVS ASP"]
[BlackTeam "Leipzig SG II"]
[WhiteTeamCountry "GER"]
[BlackTeamCountry "GER"]

1. d4 d5 2. c4 e6 3. Nc3 Nf6 4. cxd5 exd5 5. Bg5 c6 6. e3 Be7 7. Bd3 O-O 8. Qc2 h6 9. Bh4 c5 10. dxc5 Nc6 11. Rd1 d4 12. exd4 Nxd4 13. Qb1 Bxc5 14. Nge2 Qb6 15. O-O Bg4 16. Bxf6 Qxf6 17. Ne4 Qb6 18. Nxc5 Nxe2+ 1/2-1/2

[Event "Oberliga Ost A 2023 2024"]
[Site "?"]
[Date "2023.12.02"]
[Round "2.2"]
[Board "3"]
[White "Roemling, Sven"]
[Black "Boehm, Robert"]
[Result "1/2-1/2"]
[WhiteElo "2228"]
[BlackElo "2140"]
[PlyCount "42"]
[EventDate "2023.10.22"]
[EventType "team-tourn"]
[EventCountry "GER"]
[WhiteTeam "Leipzig SG II"]
[BlackTeam "Hoyerswerda FVS ASP"]
[WhiteTeamCountry "GER"]
[BlackTeamCountry "GER"]

1. Nf3 d5 2. g3 Nf6 3. Bg2 c6 4. O-O Bg4 5. Ne5 Bf5 6. c4 e6 7. d4 Nbd7 8. Nc3 Be7 9. cxd5 exd5 10. Bg5 h6 11. Nxd7 Qxd7 12. Bxf6 Bxf6 13. Re1 O-O 14. Rc1 Be7 15. Na4 Bb4 16. Rf1 Qe7 17. a3 Bd6 18. e3 Rfe8 19. Nc5 a5 20. Re1 Bxc5 21. Rxc5 a4 1/2-1/2

[Event "Oberliga Ost A 2023 2024"]
[Site "?"]
[Date "2023.12.02"]
[Round "2.2"]
[Board "4"]
[White "Jahnel, Guenther"]
[Black "Neuhoff, Laertes"]
[Result "1/2-1/2"]
[WhiteElo "2165"]
[BlackElo "2078"]
[PlyCount "83"]
[EventDate "2023.10.22"]
[EventType "team-tourn"]
[EventCountry "GER"]
[WhiteTeam "Hoyerswerda FVS ASP"]
[BlackTeam "Leipzig SG II"]
[WhiteTeamCountry "GER"]
[BlackTeamCountry "GER"]

1. d4 d5 2. c4 e6 3. Nc3 Nf6 4. Bg5 dxc4 5. e3 a6 6. Bxc4 b5 7. Bd3 Bb7 8. Nf3 Nbd7 9. a4 b4 10. Ne4 Be7 11. Nxf6+ Nxf6 12. Rc1 h6 13. Bh4 O-O 14. O-O Rc8 15. Qe2 a5 16. Rfd1 Ne4 17. Bxe7 Qxe7 18. Bxe4 Bxe4 19. Rc5 Bd5 20. Rdc1 Qd7 21. Rxa5 Ra8 22. Rac5 Bxf3 23. gxf3 Qxa4 24. Rxc7 Qb3 25. Kg2 Ra2 26. R1c2 Qd5 27. R7c5 Qb3 28. Qd2 Rb8 29. Rc8+ Rxc8 30. Rxc8+ Kh7 31. Qc2+ Qxc2 32. Rxc2 Kg6 33. e4 Ra1 34. Rc4 b3 35. Rb4 Rd1 36. Rxb3 Rxd4 37. Rb5 f5 38. e5 f4 39. Rb7 Rd5 40. Rb4 Kf5 41. Re4 Rd1 42. Re2 1/2-1/2

[Event "Oberliga Ost A 2023 2024"]
[Site "?"]
[Date "2023.12.02"]
[Round "2.2"]
[Board "5"]
[White "Schunk, Thomas"]
[Black "Kregelin, Jan"]
[Result "1/2-1/2"]
[WhiteElo "2159"]
[BlackElo "2112"]
[PlyCount "30"]
[EventDate "2023.10.22"]
[EventType "team-tourn"]
[EventCountry "GER"]
[WhiteTeam "Leipzig SG II"]
[BlackTeam "Hoyerswerda FVS ASP"]
[WhiteTeamCountry "GER"]
[BlackTeamCountry "GER"]

1. c4 c6 2. Nf3 d5 3. b3 Nf6 4. Bb2 Bf5 5. g3 e6 6. Bg2 Bd6 7. O-O O-O 8. d3 Qe7 9. Nh4 Bg6 10. Nd2 Ba3 11. Bxa3 Qxa3 12. Qc2 Nbd7 13. Nxg6 hxg6 14. d4 Rfe8 15. Rac1 Rad8 1/2-1/2

[Event "Oberliga Ost A 2023 2024"]
[Site "?"]
[Date "2023.12.02"]
[Round "2.2"]
[Board "6"]
[White "Wolf, Andreas"]
[Black "Dietze, Frank"]
[Result "1/2-1/2"]
[WhiteElo "2055"]
[BlackElo "2078"]
[PlyCount "34"]
[EventDate "2023.10.22"]
[EventType "team-tourn"]
[EventCountry "GER"]
[WhiteTeam "Hoyerswerda FVS ASP"]
[BlackTeam "Leipzig SG II"]
[WhiteTeamCountry "GER"]
[BlackTeamCountry "GER"]

1. d4 Nf6 2. c4 g6 3. Nc3 Bg7 4. e4 d6 5. f3 O-O 6. Be3 c5 7. Nge2 Nc6 8. Qd2 Qa5 9. O-O-O a6 10. Kb1 b5 11. dxc5 dxc5 12. Nd5 b4 13. Nc1 Nxd5 14. cxd5 Nd4 15. Bxd4 cxd4 16. Nb3 Qb6 17. f4 a5 1/2-1/2

[Event "Oberliga Ost A 2023 2024"]
[Site "?"]
[Date "2023.12.02"]
[Round "2.2"]
[Board "7"]
[White "Herrmann, Arthur"]
[Black "Heyme, Sibylle"]
[Result "1-0"]
[WhiteElo "1998"]
[BlackElo "1996"]
[PlyCount "33"]
[EventDate "2023.10.22"]
[EventType "team-tourn"]
[EventCountry "GER"]
[WhiteTeam "Leipzig SG II"]
[BlackTeam "Hoyerswerda FVS ASP"]
[WhiteTeamCountry "GER"]
[BlackTeamCountry "GER"]

1. e4 d6 2. d4 Nf6 3. Nc3 g6 4. Bg5 Nbd7 5. Nf3 c5 6. Qd2 h6 7. Bxf6 exf6 8. O-O-O a6 9. dxc5 Nxc5 10. Bc4 h5 11. Kb1 b5 12. Bd5 Ra7 13. e5 fxe5 14. Nxe5 Qf6 15. Bc6+ Bd7 16. Nxd7 Nxd7 17. Qe3+ 1-0

[Event "Oberliga Ost A 2023 2024"]
[Site "?"]
[Date "2023.12.02"]
[Round "2.2"]
[Board "8"]
[White "Klinkhart, Thorbjoern"]
[Black "Gempe, Anet"]
[Result "1/2-1/2"]
[WhiteElo "1880"]
[BlackElo "1937"]
[PlyCount "48"]
[EventDate "2023.10.22"]
[EventType "team-tourn"]
[EventCountry "GER"]
[WhiteTeam "Hoyerswerda FVS ASP"]
[BlackTeam "Leipzig SG II"]
[WhiteTeamCountry "GER"]
[BlackTeamCountry "GER"]

1. f4 e6 2. b3 d5 3. Nf3 Nf6 4. e3 Be7 5. Bb2 O-O 6. Be2 b6 7. O-O Bb7 8. Ne5 c5 9. d4 Nc6 10. Nd2 Rc8 11. Ndf3 Ne4 12. Bd3 Nb4 13. Be2 f6 14. Ng4 Qc7 15. c3 Nc6 16. Rc1 Rfd8 17. Qe1 Bd6 18. Qh4 Ne7 19. Qh3 Nf5 20. Nh4 Qf7 21. Nxf5 exf5 22. Nf2 g6 23. Nxe4 fxe4 24. g4 Rc7 1/2-1/2